Лабораторные работы по электрическим аппаратам: учебное пособие для техникумов

Sonraí bibleagrafaíochta
Príomhchruthaitheoir: Жукова Г. А. Галина Анатольевна
Rannpháirtithe: Золина М. А. Мария Александровна
Teanga:Rúisis
Foilsithe / Cruthaithe: Москва, Высшая школа, 1986
Ábhair:
Formáid: LEABHAR
KOHA link:https://koha.lib.tpu.ru/cgi-bin/koha/opac-detail.pl?biblionumber=276540

MARC

LEADER 00000nam0a2200000 4500
001 276540
005 20231101234929.0
020 |a RU  |b 86-15056 
035 |a (RuTPU)RU\TPU\book\299812 
090 |a 276540 
100 |a 20141124d1986 m y0rusy5003 ca 
101 0 |a rus 
102 |a RU 
105 |a a j 001zy 
200 1 |a Лабораторные работы по электрическим аппаратам  |e учебное пособие для техникумов  |f Г. А. Жукова, М. А. Золина 
210 |a Москва  |c Высшая школа  |d 1986 
215 |a 119 с.  |c ил.  |d 22 см 
320 |a Библиогр.: с. 118 (12 назв.) 
606 1 |a Электрические аппараты и приборы  |2 stltpush  |3 (RuTPU)RU\TPU\subj\26902  |9 50734 
610 1 |a лабораторные работы 
610 1 |a практические занятия 
610 1 |a выполнение 
610 1 |a методика 
610 1 |a описание 
610 1 |a учебные пособия 
675 |a 621.31(076.5)  |z rus  |v 4 
700 1 |a Жукова  |b Г. А.  |g Галина Анатольевна 
701 1 |a Золина  |b М. А.  |g Мария Александровна 
801 0 |a RU  |b RuMRKP  |c 19950704  |g psbo 
801 1 |a RU  |b 63413507  |c 20141124 
801 2 |a RU  |b 63413507  |c 20170404  |g RCR 
942 |c BK